Triumff : hrdina Jejího Veličenstva /

Main Author: Abnett, Dan, 1965-
Language: Czech
Published: Frenštát p. R. [i.e. pod Radhoštěm] : Polaris, 2012
Edition: Vyd. 1.
Series: Fantasy (Polaris)
Physical Description: 263 s. ; 20 cm
Book
Saved in:
LEADER 01316cam a2200385 a 4500
001 nkc20122358498
003 CZ PrNK
005 20120525091818.0
007 ta
008 120308s2012 xr g 000 f cze d
015 |a cnb002358498 
020 |a 978-80-7332-181-9  |q (brož.) 
035 |a (OCoLC)796018384 
040 |a KLG001  |b cze  |d OLA001 
041 1 |a cze  |h eng 
072 7 |a 821.111-3  |x Anglická próza, anglicky psaná  |2 Konspekt  |9 25 
080 |a 821.111-31  |2 MRF 
080 |a (0:82-312.9)  |2 MRF 
100 1 |a Abnett, Dan,  |d 1965-  |7 ola2003209031  |4 aut 
245 1 0 |a Triumff :  |b hrdina Jejího Veličenstva /  |c Dan Abnett ; [z anglického originálu ... přeložila Ladislava Vojtková] 
250 |a Vyd. 1. 
260 |a Frenštát p. R. [i.e. pod Radhoštěm] :  |b Polaris,  |c 2012 
300 |a 263 s. ;  |c 20 cm 
490 1 |a Polaris fantasy 
655 7 |a anglické romány  |7 fd131814  |2 czenas 
655 7 |a fantasy romány  |7 fd184199  |2 czenas 
655 9 |a English fiction  |2 eczenas 
655 9 |a fantasy novels  |2 eczenas 
765 0 |t Triumff - Her Majesty's hero  |9 Česky 
830 0 |a Fantasy (Polaris)  |0 s 
910 2 |a BOA001  |b 1-1285.376 
990 |a BK 
995 |a 01 
991 |b 201205  |e b 
996 6 |b 2610509458  |c 1-1285.376  |l MZK  |r Sklad / do 1 hodiny  |n 0  |p p.v.  |w 001242604  |u 000010  |a 1  |e BOA001  |j MZK50  |s P